<?xml version="1.0" encoding="UTF-8"?>
<record
    xmlns:xsi="http://www.w3.org/2001/XMLSchema-instance"
    xsi:schemaLocation="http://www.loc.gov/MARC21/slim http://www.loc.gov/standards/marcxml/schema/MARC21slim.xsd"
    xmlns="http://www.loc.gov/MARC21/slim">

  <leader>01624nam a2200301 a 4500</leader>
  <controlfield tag="001">000018955</controlfield>
  <controlfield tag="003">000018955</controlfield>
  <controlfield tag="005">20170927111914.0</controlfield>
  <controlfield tag="008">100521t2004    dr a          001 p spa d</controlfield>
  <datafield tag="020" ind1=" " ind2=" ">
    <subfield code="a">9945404008</subfield>
  </datafield>
  <datafield tag="040" ind1=" " ind2=" ">
    <subfield code="a">BPMSU</subfield>
    <subfield code="b">spa</subfield>
    <subfield code="c">BPMSU</subfield>
  </datafield>
  <datafield tag="082" ind1=" " ind2=" ">
    <subfield code="a">RD861.44</subfield>
    <subfield code="b">A162a</subfield>
  </datafield>
  <datafield tag="100" ind1="1" ind2=" ">
    <subfield code="a">Abr&#xE9;u Mej&#xED;a, Rafael,</subfield>
    <subfield code="d">1939-2004</subfield>
  </datafield>
  <datafield tag="245" ind1="1" ind2="0">
    <subfield code="a">&#xC1;mbito del ser profundo :</subfield>
    <subfield code="b">antolog&#xED;a po&#xE9;tica 1968-2002 /</subfield>
    <subfield code="c">Rafael Abr&#xE9;u Mej&#xED;a ; selecci&#xF3;n y edici&#xF3;n Miguel Collado ; presentaci&#xF3;n Tony Raful.</subfield>
  </datafield>
  <datafield tag="260" ind1=" " ind2=" ">
    <subfield code="a">Santo Domingo :</subfield>
    <subfield code="b">Secretar&#xED;a de Estado de Cultura,</subfield>
    <subfield code="c">2004.</subfield>
  </datafield>
  <datafield tag="300" ind1=" " ind2=" ">
    <subfield code="a">146 p. :</subfield>
    <subfield code="b">il. ;</subfield>
    <subfield code="c">22 cm.</subfield>
  </datafield>
  <datafield tag="500" ind1=" " ind2=" ">
    <subfield code="a">Incluye datos biogr&#xE1;ficos del autor en las solapas</subfield>
  </datafield>
  <datafield tag="504" ind1=" " ind2=" ">
    <subfield code="a">Incluye referencias bibliogr&#xE1;ficas y notas al pie de p&#xE1;ginas.</subfield>
  </datafield>
  <datafield tag="505" ind1="0" ind2=" ">
    <subfield code="t">Rafael Abr&#xE9;u Mej&#xED;a, un aut&#xE9;ntico amigo /</subfield>
    <subfield code="r">Tony Raful --</subfield>
    <subfield code="t">Rafael Abr&#xE9;u Mej&#xED;a, permanente cultor y amante de la poes&#xED;a /</subfield>
    <subfield code="r">Mateo Morrison --</subfield>
    <subfield code="t">Ha partido el poeta Abreu Mej&#xED;a /</subfield>
    <subfield code="r">Miguel Collado --</subfield>
    <subfield code="g">Textos seleccionados :</subfield>
    <subfield code="t">Poes&#xED;a --</subfield>
    <subfield code="t">La luz abre un par&#xE9;ntesis --</subfield>
    <subfield code="t">Con las manos de mi alma --</subfield>
    <subfield code="t">&#xC1;mbito del ser profundo --</subfield>
    <subfield code="t">Hai Q Ram --</subfield>
    <subfield code="t">El antilibro de las chchufletas --</subfield>
    <subfield code="t">Peccata minuta --</subfield>
    <subfield code="t">Despu&#xE9;s de la p&#xF3;lvora --</subfield>
    <subfield code="t">Mi casa y otros lugares --</subfield>
    <subfield code="t">Trasmutaciones --</subfield>
    <subfield code="t">Evocaci&#xF3;n de la nostalgia --</subfield>
    <subfield code="t">P&#xE1;jaros de piedra --</subfield>
    <subfield code="t">Textos dispersos.</subfield>
  </datafield>
  <datafield tag="650" ind1=" " ind2="4">
    <subfield code="a">POES&#xCD;A DOMINICANA</subfield>
  </datafield>
  <datafield tag="650" ind1=" " ind2="4">
    <subfield code="a">LITERATURA DOMINICANA</subfield>
  </datafield>
  <datafield tag="700" ind1="1" ind2=" ">
    <subfield code="a">Collado, Miguel,</subfield>
    <subfield code="d">1954-,</subfield>
    <subfield code="e">ed.</subfield>
  </datafield>
  <datafield tag="700" ind1="1" ind2=" ">
    <subfield code="a">Raful, Tony,</subfield>
    <subfield code="d">1951-</subfield>
  </datafield>
  <datafield tag="910" ind1=" " ind2=" ">
    <subfield code="a">Validado. Control de calidad EMS.</subfield>
  </datafield>
  <datafield tag="942" ind1=" " ind2=" ">
    <subfield code="2">ddc</subfield>
    <subfield code="c">BK</subfield>
  </datafield>
  <datafield tag="945" ind1=" " ind2=" ">
    <subfield code="a">Inventariado, 2017/MFF</subfield>
  </datafield>
  <datafield tag="952" ind1=" " ind2=" ">
    <subfield code="0">0</subfield>
    <subfield code="1">0</subfield>
    <subfield code="2">ddc</subfield>
    <subfield code="4">0</subfield>
    <subfield code="7">0</subfield>
    <subfield code="8">CD</subfield>
    <subfield code="a">BPMET</subfield>
    <subfield code="b">BPMET</subfield>
    <subfield code="d">2014-07-08</subfield>
    <subfield code="l">0</subfield>
    <subfield code="o">RD861.44  A162a</subfield>
    <subfield code="p">BPMSU15040467</subfield>
    <subfield code="r">2014-07-08</subfield>
    <subfield code="w">2014-07-08</subfield>
    <subfield code="y">BK</subfield>
  </datafield>
  <datafield tag="952" ind1=" " ind2=" ">
    <subfield code="0">0</subfield>
    <subfield code="1">0</subfield>
    <subfield code="2">ddc</subfield>
    <subfield code="4">0</subfield>
    <subfield code="7">0</subfield>
    <subfield code="8">CD</subfield>
    <subfield code="a">BPMET</subfield>
    <subfield code="b">BPMET</subfield>
    <subfield code="d">2014-07-08</subfield>
    <subfield code="l">0</subfield>
    <subfield code="o">RD861.44  A162a</subfield>
    <subfield code="p">BPMSU15040468</subfield>
    <subfield code="r">2014-07-08</subfield>
    <subfield code="t">ej. 2</subfield>
    <subfield code="w">2014-07-08</subfield>
    <subfield code="y">BK</subfield>
  </datafield>
  <datafield tag="952" ind1=" " ind2=" ">
    <subfield code="0">0</subfield>
    <subfield code="1">0</subfield>
    <subfield code="2">ddc</subfield>
    <subfield code="4">0</subfield>
    <subfield code="7">0</subfield>
    <subfield code="8">CD</subfield>
    <subfield code="a">BPMET</subfield>
    <subfield code="b">BPMET</subfield>
    <subfield code="d">2014-07-08</subfield>
    <subfield code="l">0</subfield>
    <subfield code="o">RD861.44  A162a</subfield>
    <subfield code="p">BPMSU15040469</subfield>
    <subfield code="r">2014-07-08</subfield>
    <subfield code="t">ej. 3</subfield>
    <subfield code="w">2014-07-08</subfield>
    <subfield code="y">BK</subfield>
  </datafield>
  <datafield tag="952" ind1=" " ind2=" ">
    <subfield code="0">0</subfield>
    <subfield code="1">0</subfield>
    <subfield code="2">ddc</subfield>
    <subfield code="4">0</subfield>
    <subfield code="7">0</subfield>
    <subfield code="8">CD</subfield>
    <subfield code="a">BPMET</subfield>
    <subfield code="b">BPMET</subfield>
    <subfield code="d">2014-07-08</subfield>
    <subfield code="l">0</subfield>
    <subfield code="o">RD861.44  A162a</subfield>
    <subfield code="p">BPMSU15040470</subfield>
    <subfield code="r">2014-07-08</subfield>
    <subfield code="t">ej.4</subfield>
    <subfield code="w">2014-07-08</subfield>
    <subfield code="y">BK</subfield>
  </datafield>
  <datafield tag="956" ind1=" " ind2=" ">
    <subfield code="a">VMATEO</subfield>
    <subfield code="b">10</subfield>
    <subfield code="c">20150701</subfield>
    <subfield code="l">BPMSU</subfield>
    <subfield code="h">0069</subfield>
  </datafield>
  <datafield tag="999" ind1=" " ind2=" ">
    <subfield code="c">7100</subfield>
    <subfield code="d">7100</subfield>
  </datafield>
</record>
